Statistics for Click the Alice in Chains Song Title Ending

Click here to take the quiz!

General Stats

  • This quiz has been taken 79 times
  • The average score is 19 of 25

Answer Stats

HintAnswer% Correct
I StayAway
88%
The Devil Put DinosaursHere
88%
Rain When IDie
86%
Heaven BesideYou
86%
RottenApple
85%
We DieYoung
85%
ThemBones
83%
NoExcuses
83%
Down in aHole
83%
Love, Hate,Love
81%
Man in theBox
80%
SludgeFactory
80%
Black Gives Way ToBlue
78%
Dam ThatRiver
76%
AngryChair
75%
Check MyBrain
73%
Bleed theFreak
71%
The One YouKnow
71%
RainierFog
69%
Breath on aWindow
64%
YourDecision
61%
Don'tFollow
61%
PhantomLimb
59%
HeadCreeps
58%
NeverFade
54%

Score Distribution

Percentile by Number Answered

Percent of People with Each Score

Your Score History

You have not taken this quiz